[Event "Foz do Iguacu op 3rd"]
[Site "Foz do Iguacu"]
[Date "2015.12.13"]
[Round "5"]
[White "Almeida, Carlos"]
[Black "Calixto, Roberto Carlos"]
[Result "0-1"]
[WhiteElo "1864"]
[BlackElo "1828"]
[PlyCount "36"]
[EventDate "2015.12.11"]
[EventType "swiss"]
[EventRounds "6"]
[EventCountry "BRA"]
[SourceTitle "EXT 2017"]
[Source "ChessBase"]
[SourceDate "2016.10.25"]
[SourceVersion "1"]
[SourceVersionDate "2016.10.25"]
[SourceQuality "1"]

1. d4 Nf6 2. c4 g6 3. Nf3 Bg7 4. g3 d5 5. Bg2 c5 6. 0-0 cxd4 7. Nxd4 0-0 8. cxd5 Nxd5 9. e4 Nb6 10. Nb5 Nc6 11. N1c3 a6 12. Qxd8 Rxd8 13. Nc7 Rb8 14. Bf4 e5 15. Bg5 f6 16. Be3 Nc4 17. Bc1 Nd4 18. Ne6 Nxb2 0-1

[Event "Rio Claro IRT U2200 3rd"]
[Site "Rio Claro"]
[Date "2015.11.21"]
[Round "1.8"]
[White "Dutra, Liliam Guedes"]
[Black "Calixto, Roberto Carlos"]
[Result "0-1"]
[WhiteElo "1568"]
[BlackElo "1822"]
[PlyCount "120"]
[EventDate "2015.11.21"]
[EventType "swiss"]
[EventRounds "5"]
[EventCountry "BRA"]
[SourceTitle "EXT 2022"]
[Source "ChessBase"]
[SourceDate "2021.10.06"]
[SourceVersion "1"]
[SourceVersionDate "2021.10.06"]
[SourceQuality "1"]

1. d4 Nf6 2. c4 g6 3. Nc3 d5 4. cxd5 Nxd5 5. e4 Nxc3 6. bxc3 Bg7 7. Bc4 0-0 8. Ne2 c5 9. Be3 Nc6 10. 0-0 Bg4 11. f3 Na5 12. Bxf7+ Rxf7 13. fxg4 Rxf1+ 14. Qxf1 Qd7 15. h3 Rf8 16. Qd1 Nc4 17. Bf2 Qe6 18. Qb3 Kh8 19. Qxb7 Bh6 20. Bg3 Be3+ 21. Kh2 h6 22. Qd5 Qa6 23. Qxc5 Nd2 24. Be5+ Kg8 25. Ng3 Bf4 26. Bxf4 Rxf4 27. Qxe7 Qc6 28. Qe5 Rf7 29. d5 Qb6 30. Rd1 Nf3+ 31. gxf3 Qf2+ 32. Kh1 Qxf3+ 33. Kh2 Qxd1 34. Qe8+ Kg7 35. Qe5+ Kh7 36. Qd4 Qc2+ 37. Kg1 Qb1+ 38. Kg2 Qxa2+ 39. Kg1 Rf3 40. Nh1 Qa1+ 41. Kh2 Rxc3 42. Qf2 Rc7 43. Ng3 Qa4 44. d6 Rc2 45. Ne2 Kg7 46. e5 h5 47. Qf6+ Kh6 48. g5+ Kh7 49. Qf7+ Kh8 50. Qf8+ Kh7 51. Qh6+ Kg8 52. Qxg6+ Kf8 53. Qxc2 Qxc2 54. Kg3 Qxe2 55. Kf4 a5 56. Kf5 Qd3+ 57. Kf6 Qf3+ 58. Ke6 Qxh3+ 59. Kf6 Qf3+ 60. Ke6 Qf7# 0-1

[Event "Tabapua IRT U2200 1st"]
[Site "Tabapua"]
[Date "2015.11.07"]
[Round "3.6"]
[White "Arduini, Leonardo Adolfo"]
[Black "Calixto, Roberto Carlos"]
[Result "0-1"]
[WhiteElo "1663"]
[BlackElo "1822"]
[PlyCount "102"]
[EventDate "2015.11.07"]
[EventType "swiss"]
[EventRounds "5"]
[EventCountry "BRA"]
[SourceTitle "EXT 2022"]
[Source "ChessBase"]
[SourceDate "2021.10.06"]
[SourceVersion "1"]
[SourceVersionDate "2021.10.06"]
[SourceQuality "1"]

1. d4 Nf6 2. c4 g6 3. Nc3 d5 4. Nf3 Bg7 5. e3 0-0 6. Qb3 dxc4 7. Bxc4 Nc6 8. Ng5 e6 9. Be2 Na5 10. Qc2 c5 11. Nf3 cxd4 12. Nxd4 a6 13. 0-0 Bd7 14. Bd2 Rc8 15. b4 Nc4 16. Rfd1 Qc7 17. Rac1 e5 18. Nf3 Nxd2 19. Qxd2 Bc6 20. b5 Rfd8 21. Qc2 Rxd1+ 22. Nxd1 axb5 23. Bxb5 Qd6 24. a4 Rd8 25. h3 Bxf3 26. gxf3 Nd5 27. e4 Nf4 28. Bf1 Bh6 29. Ne3 Qe6 30. Kh2 Qf6 31. Ng4 Qh4 32. Nxh6+ Qxh6 33. Rd1 Rxd1 34. Qxd1 Ne6 35. Bg2 Qf4+ 36. Kg1 Nd4 37. Kf1 Qh2 38. Qc1 Ne6 39. f4 Nxf4 40. Qc8+ Kg7 41. Qg4 Qxg2+ 42. Qxg2 Nxg2 43. Kxg2 f5 44. Kf3 Kf6 45. Ke3 Ke6 46. f4 exf4+ 47. Kxf4 fxe4 48. Kxe4 g5 49. Kd4 Kd6 50. Kc4 h5 51. Kb4 Kc7 0-1

[Event "Sao Paulo Freitas Memorial"]
[Site "Sao Paulo"]
[Date "2015.10.12"]
[Round "6"]
[White "De Oliveira, Francemir Barra"]
[Black "Calixto, Roberto Carlos"]
[Result "0-1"]
[WhiteElo "1688"]
[BlackElo "1820"]
[PlyCount "88"]
[EventDate "2015.10.10"]
[EventType "swiss"]
[EventRounds "6"]
[EventCountry "BRA"]
[SourceTitle "CBM 168 Extra"]
[Source "ChessBase"]
[SourceDate "2015.10.29"]
[SourceVersion "1"]
[SourceVersionDate "2015.10.29"]
[SourceQuality "1"]

1. e4 c5 2. Nf3 e6 3. d4 cxd4 4. Nxd4 a6 5. Be3 Nf6 6. Bd3 Qc7 7. 0-0 Nc6 8. c3 Ne5 9. h3 Nxd3 10. Qxd3 Be7 11. f4 d6 12. Nd2 0-0 13. N2f3 e5 14. Ne2 Be6 15. b3 Rac8 16. f5 Bd7 17. c4 Bxf5 18. exf5 e4 19. Qd2 exf3 20. Rxf3 Ne4 21. Qd3 Nc5 22. Qc2 Bf6 23. Raf1 Rfe8 24. g4 Ne4 25. Nf4 Nc5 26. Bf2 d5 27. Be1 dxc4 28. b4 Ne4 29. Nd5 Bd4+ 30. Kg2 Qe5 31. Nf4 Ng5 32. Rg3 Be3 33. Bc3 Qd6 34. Nh5 Bd4 35. Be1 Be5 36. Re3 Qd5+ 37. Rff3 Nxf3 38. Rxf3 Bd4 39. Nf4 Qc6 40. Bf2 Bxf2 41. Qxf2 Rcd8 42. Kg3 c3 43. Qc2 Rc8 44. g5 Qc4 0-1

[Event "Sao Paulo Freitas Memorial"]
[Site "Sao Paulo"]
[Date "2015.10.11"]
[Round "3"]
[White "Calixto, Roberto Carlos"]
[Black "Caldeira, Tiago Pereira"]
[Result "0-1"]
[WhiteElo "1820"]
[BlackElo "2070"]
[PlyCount "119"]
[EventDate "2015.10.10"]
[EventType "swiss"]
[EventRounds "6"]
[EventCountry "BRA"]
[SourceTitle "CBM 168 Extra"]
[Source "ChessBase"]
[SourceDate "2015.10.29"]
[SourceVersion "1"]
[SourceVersionDate "2015.10.29"]
[SourceQuality "1"]

1. e4 e5 2. Nf3 Nc6 3. Bb5 f5 4. d3 fxe4 5. dxe4 Nf6 6. Nc3 Bb4 7. 0-0 d6 8. Nd5 Bc5 9. b4 Bb6 10. Nxb6 axb6 11. Re1 0-0 12. Bc4+ Kh8 13. b5 Na5 14. Bf1 Bg4 15. Qd3 Nd7 16. Bg5 Qe8 17. Nd2 Nc5 18. Qg3 Bd7 19. Be3 Bxb5 20. f4 Bxf1 21. Rxf1 exf4 22. Rxf4 Rxf4 23. Bxf4 Nxe4 24. Nxe4 Qxe4 25. Re1 Qg6 26. Qe3 Nc6 27. Bg5 Rf8 28. Bf4 Qxc2 29. Qe8 Qf5 30. Bg3 Qf1+ 31. Rxf1 Rxe8 32. Rf7 Ne7 33. Bh4 Ng6 34. Bg5 h6 35. Rxc7 hxg5 36. Rxb7 Re1+ 37. Kf2 Ra1 38. Rxb6 Rxa2+ 39. Kg3 Nf4 40. Rxd6 Rxg2+ 41. Kf3 Rxh2 42. Ra6 Kh7 43. Rb6 g6 44. Rb5 Kh6 45. Rb8 Rh3+ 46. Kg4 Rh4+ 47. Kf3 Nh5 48. Kg2 Rd4 49. Kh3 Rd3+ 50. Kg2 g4 51. Rb4 Kg5 52. Rb5+ Kh4 53. Rb6 Rd2+ 54. Kg1 Nf4 55. Rb8 Kg3 56. Rb3+ Nd3 57. Kf1 Kf3 58. Kg1 g3 59. Rb1 Rg2+ 60. Kh1 0-1

[Event "Sao Paulo Freitas Memorial"]
[Site "Sao Paulo"]
[Date "2015.10.11"]
[Round "4"]
[White "Do Valle, Lucas"]
[Black "Calixto, Roberto Carlos"]
[Result "0-1"]
[WhiteElo "1800"]
[BlackElo "1820"]
[PlyCount "60"]
[EventDate "2015.10.10"]
[EventType "swiss"]
[EventRounds "6"]
[EventCountry "BRA"]
[SourceTitle "CBM 168 Extra"]
[Source "ChessBase"]
[SourceDate "2015.10.29"]
[SourceVersion "1"]
[SourceVersionDate "2015.10.29"]
[SourceQuality "1"]

1. e4 c5 2. Nf3 e6 3. d4 cxd4 4. Nxd4 a6 5. Nc3 Qc7 6. g3 Nf6 7. Bg2 Bb4 8. Qd3 Nc6 9. 0-0 0-0 10. a3 Bc5 11. Be3 Ne5 12. Qd2 Nc4 13. Qc1 Nxe3 14. fxe3 Ng4 15. Bf3 Nxe3 16. Qxe3 e5 17. Qg5 Bxd4+ 18. Kh1 Bxc3 19. bxc3 Qxc3 20. Bh5 g6 21. Rf2 Qxa1+ 22. Kg2 d6 23. Qe7 Be6 24. Rf6 Qd4 25. Bxg6 hxg6 26. Rxe6 Qxe4+ 27. Kg1 fxe6 28. Qxe6+ Kg7 29. Qxd6 Qe1+ 30. Kg2 Qf1# 0-1

[Event "Sao Paulo Freitas Memorial"]
[Site "Sao Paulo"]
[Date "2015.10.10"]
[Round "1"]
[White "Crespo de Oliveira, Lucas"]
[Black "Calixto, Roberto Carlos"]
[Result "1-0"]
[WhiteElo "2191"]
[BlackElo "1820"]
[PlyCount "75"]
[EventDate "2015.10.10"]
[EventType "swiss"]
[EventRounds "6"]
[EventCountry "BRA"]
[SourceTitle "CBM 168 Extra"]
[Source "ChessBase"]
[SourceDate "2015.10.29"]
[SourceVersion "1"]
[SourceVersionDate "2015.10.29"]
[SourceQuality "1"]

1. e4 c5 2. Nf3 e6 3. d4 cxd4 4. Nxd4 Nf6 5. Nc3 a6 6. Bd3 Qc7 7. 0-0 Nc6 8. Nxc6 dxc6 9. f4 e5 10. f5 Be7 11. a4 a5 12. Be3 Bd7 13. Qf3 0-0-0 14. h3 Rdg8 15. Bc4 Be8 16. Qf2 Nd7 17. Rad1 g5 18. g3 h5 19. Na2 Qd8 20. Kg2 g4 21. h4 Bxh4 22. gxh4 g3 23. Qf3 Qxh4 24. Rh1 Qf6 25. b4 axb4 26. Nxb4 Qe7 27. Nxc6 bxc6 28. Ba6+ Kc7 29. Rb1 Qf6 30. Rhd1 c5 31. Qe2 Qc6 32. Qd3 h4 33. Kh3 f6 34. Bb5 c4 35. Qc3 Bh5 36. Qa5+ Nb6 37. Qa7+ Qb7 38. Bxb6+ 1-0

[Event "Guaira op 1st"]
[Site "Guaira"]
[Date "2015.10.03"]
[Round "2.4"]
[White "Iglesias Ferreira Filho, Augusto Alberto"]
[Black "Calixto, Roberto Carlos"]
[Result "0-1"]
[WhiteElo "1533"]
[BlackElo "1830"]
[PlyCount "68"]
[EventDate "2015.10.03"]
[EventType "swiss"]
[EventRounds "5"]
[EventCountry "BRA"]
[SourceTitle "EXT 2022"]
[Source "ChessBase"]
[SourceDate "2021.10.06"]
[SourceVersion "1"]
[SourceVersionDate "2021.10.06"]
[SourceQuality "1"]

1. d4 Nf6 2. c4 g6 3. Nc3 d5 4. cxd5 Nxd5 5. e4 Nxc3 6. bxc3 Bg7 7. g3 0-0 8. Bg2 c5 9. Nf3 Bg4 10. Be3 Nc6 11. e5 cxd4 12. cxd4 Qd7 13. 0-0 Rfd8 14. Rb1 Rac8 15. d5 Nxe5 16. Nxe5 Bxe5 17. f3 Bf5 18. f4 Bg7 19. Rc1 b6 20. Rxc8 Rxc8 21. Bd4 Rc2 22. Rf2 Qa4 23. Bxg7 Kxg7 24. Rxc2 Bxc2 25. Qa1+ f6 26. Qb2 Bd3 27. a3 Qd1+ 28. Kf2 Bc4 29. Bf3 Qf1+ 30. Ke3 Qg1+ 31. Ke4 Qe1+ 32. Kd4 b5 33. Kc5 Qe3+ 34. Qd4 Qxa3+ 0-1

[Event "Sao Paulo Cordioli Memorial"]
[Site "Sao Paulo"]
[Date "2015.09.06"]
[Round "3"]
[White "Calixto, Roberto Carlos"]
[Black "De Lima, Saulo da Silva Beze"]
[Result "0-1"]
[WhiteElo "1830"]
[BlackElo "2021"]
[PlyCount "58"]
[EventDate "2015.09.05"]
[EventType "swiss"]
[EventRounds "6"]
[EventCountry "BRA"]
[SourceTitle "EXT 2016"]
[Source "ChessBase"]
[SourceDate "2015.10.08"]
[SourceVersion "1"]
[SourceVersionDate "2015.10.08"]
[SourceQuality "1"]

1. e4 e5 2. Nf3 Nc6 3. Bb5 a6 4. Ba4 Nf6 5. 0-0 b5 6. Bb3 Be7 7. Re1 0-0 8. c3 d5 9. exd5 Nxd5 10. h3 Bf6 11. a4 Bb7 12. d3 b4 13. Be3 a5 14. d4 exd4 15. cxd4 Nce7 16. Nbd2 Nxe3 17. fxe3 c5 18. Qe2 cxd4 19. Nc4 dxe3 20. Qxe3 Nf5 21. Qc1 Bxf3 22. gxf3 Qd4+ 23. Kg2 Nh4+ 24. Kg3 Nf5+ 25. Kg2 Qh4 26. Ne3 Qg3+ 27. Kh1 Qxf3+ 28. Kg1 Bd4 29. Bd5 Qxd5 0-1

[Event "Sao Paulo Cordioli Memorial"]
[Site "Sao Paulo"]
[Date "2015.09.05"]
[Round "2"]
[White "Hoshino, Meilin"]
[Black "Calixto, Roberto Carlos"]
[Result "0-1"]
[WhiteElo "1320"]
[BlackElo "1830"]
[PlyCount "68"]
[EventDate "2015.09.05"]
[EventType "swiss"]
[EventRounds "6"]
[EventCountry "BRA"]
[SourceTitle "EXT 2016"]
[Source "ChessBase"]
[SourceDate "2015.10.08"]
[SourceVersion "1"]
[SourceVersionDate "2015.10.08"]
[SourceQuality "1"]

1. d4 Nf6 2. c4 g6 3. Nc3 d5 4. cxd5 Nxd5 5. e4 Nxc3 6. bxc3 Bg7 7. Nf3 0-0 8. Bd3 c5 9. Be3 Bg4 10. Be2 Nc6 11. Rb1 Bxf3 12. Bxf3 cxd4 13. cxd4 Nxd4 14. Rxb7 Nxf3+ 15. gxf3 Bc3+ 16. Bd2 Bf6 17. Ke2 Qc8 18. Rb4 Rd8 19. Qc1 Qa6+ 20. Qc4 Qd6 21. Be3 Rac8 22. Qb3 Qa6+ 23. Rb5 Rc3 24. Qb1 Ra3 25. Rc1 Rxa2+ 26. Kf1 Ra1 27. Qb4 Rxc1+ 28. Bxc1 Rb8 29. Kg2 Rxb5 30. Qd2 Rg5+ 31. Kh3 Qf1+ 32. Kh4 Rh5+ 33. Kg4 Qg2+ 34. Kf4 Qg5# 0-1

[Event "Rio Claro op"]
[Site "Rio Claro"]
[Date "2014.05.16"]
[Round "1"]
[White "Calixto, Roberto Carlos"]
[Black "Supi, Luis Paulo"]
[Result "0-1"]
[WhiteElo "1835"]
[BlackElo "2329"]
[PlyCount "49"]
[EventDate "2014.05.16"]
[EventType "swiss"]
[EventRounds "6"]
[EventCountry "BRA"]
[SourceTitle "CBM 160 Extra"]
[Source "ChessBase"]
[SourceDate "2014.07.01"]
[SourceVersion "1"]
[SourceVersionDate "2014.07.01"]
[SourceQuality "1"]

1. e4 g6 2. d4 Bg7 3. Nf3 d6 4. Be2 Nd7 5. Nc3 e5 6. d5 Ngf6 7. h3 Qe7 8. Be3 a6 9. g4 Nc5 10. Nd2 h6 11. b4 Ncd7 12. 0-0 Nf8 13. f4 exf4 14. Bxf4 Nxg4 15. Bxg4 Bxc3 16. Bxc8 Rxc8 17. Rb1 Nd7 18. Qf3 Bd4+ 19. Kh1 Kf8 20. Nc4 Kg7 21. Rbe1 Rcf8 22. c3 Be5 23. Bc1 Qh4 24. Rg1 Kh7 25. Rg4 0-1

[Event "BRA-ch Amateur"]
[Site "Sao Paulo"]
[Date "2014.03.04"]
[Round "7"]
[White "Calixto, Roberto Carlos"]
[Black "Teixeira, Aloisio da Silva"]
[Result "0-1"]
[WhiteElo "1821"]
[BlackElo "1950"]
[PlyCount "140"]
[EventDate "2014.03.01"]
[EventType "swiss"]
[EventRounds "7"]
[EventCountry "BRA"]
[SourceTitle "EXT 2016"]
[Source "ChessBase"]
[SourceDate "2015.10.08"]
[SourceVersion "1"]
[SourceVersionDate "2015.10.08"]
[SourceQuality "1"]

1. e4 c6 2. d4 d5 3. e5 Qb6 4. c3 a6 5. Nf3 Bg4 6. h3 Bxf3 7. Qxf3 e6 8. Nd2 Ne7 9. g4 Nd7 10. Nb3 a5 11. Qd3 a4 12. Nd2 Ng6 13. Qe3 Be7 14. Bd3 c5 15. 0-0 cxd4 16. cxd4 Rc8 17. Re1 Qa5 18. f4 Nh4 19. f5 Bb4 20. Rd1 0-0 21. Qg5 Rxc1 22. Qxh4 Rxd1+ 23. Rxd1 exf5 24. Nf3 Re8 25. Bxf5 Nf8 26. Ng5 h6 27. Nf3 Be7 28. g5 Qd8 29. Qg4 Bxg5 30. h4 Be3+ 31. Kh1 Qc7 32. Re1 Bc1 33. Rg1 g6 34. e6 Be3 35. exf7+ Qxf7 36. Rg2 Kh7 37. Bd3 Kg7 38. Ne5 Qf4 39. Nxg6 Qxg4 40. Rxg4 Nxg6 41. Rxg6+ Kf7 42. Rg3 Kf8 43. Rf3+ Kg7 44. Rf5 Rd8 45. Bb5 Bxd4 46. Bxa4 Bxb2 47. Bb3 d4 48. Rf7+ Kg6 49. Rxb7 d3 50. Bf7+ Kf6 51. Rxb2 Kxf7 52. Rd2 Kf6 53. Kg2 Ke5 54. Kf2 Kd4 55. Ke1 Kc3 56. Rg2 Rd4 57. Rh2 Rb4 58. Rh3 Rb2 59. a4 Re2+ 60. Kd1 Ra2 61. Ke1 Ra1+ 62. Kf2 Kc2 63. Ke3 Re1+ 64. Kd4 d2 65. Rh2 Kc1 66. Rxd2 Kxd2 67. Kc5 Rh1 68. a5 Rxh4 69. a6 Ra4 70. Kb6 h5 0-1

[Event "Batatais op 3rd"]
[Site "Batatais"]
[Date "2013.12.20"]
[Round "2"]
[White "Calixto, Roberto Carlos"]
[Black "Abrantes, Tiago Garrido"]
[Result "0-1"]
[WhiteElo "1831"]
[BlackElo "2161"]
[PlyCount "76"]
[EventDate "2013.12.20"]
[EventType "swiss"]
[EventRounds "6"]
[EventCountry "BRA"]
[SourceTitle "CBM 158 Extra"]
[Source "ChessBase"]
[SourceDate "2014.02.28"]
[SourceVersion "1"]
[SourceVersionDate "2014.02.28"]
[SourceQuality "1"]

1. e4 e5 2. Nc3 Nf6 3. f4 d5 4. fxe5 Nxe4 5. Qf3 Nxc3 6. bxc3 c5 7. Qg3 Nc6 8. Nf3 Bf5 9. Bd3 Bxd3 10. cxd3 d4 11. 0-0 dxc3 12. dxc3 Qxd3 13. Bg5 c4 14. Rad1 Bc5+ 15. Kh1 Qxc3 16. e6 fxe6 17. Qc7 0-0 18. Rd7 Qe5 19. Qxb7 Nd4 20. Qxa8 Nxf3 21. Bf4 Rxa8 22. Bxe5 Nxe5 23. Rc7 Bd6 24. Rb7 Rc8 25. Rc1 Nd3 26. Rc2 Nb4 27. Rc1 c3 28. a3 Nd3 29. Rc2 Ne1 30. Rc1 c2 31. g3 Nd3 32. Rf1 c1Q 33. Rxc1 Rxc1+ 34. Kg2 Rc2+ 35. Kh3 Ne5 36. Rxa7 h5 37. Kh4 Rxh2+ 38. Kg5 Kh7 0-1

[Event "Sao Sebastiao op"]
[Site "Sao Sebastiao do Paraiso"]
[Date "2013.10.06"]
[Round "5"]
[White "De Freitas, Julio Eimard"]
[Black "Calixto, Roberto Carlos"]
[Result "1/2-1/2"]
[WhiteElo "1887"]
[BlackElo "1820"]
[PlyCount "39"]
[EventDate "2013.10.04"]
[EventType "swiss"]
[EventRounds "6"]
[EventCountry "BRA"]
[SourceTitle "EXT 2014"]
[Source "ChessBase"]
[SourceDate "2013.11.20"]
[SourceVersion "1"]
[SourceVersionDate "2013.11.20"]
[SourceQuality "1"]

1. d4 Nf6 2. Nf3 g6 3. c4 d5 4. Nc3 Bg7 5. Bf4 0-0 6. e3 c5 7. dxc5 Qa5 8. Be2 dxc4 9. 0-0 Qxc5 10. Qa4 Bd7 11. Qxc4 Qxc4 12. Bxc4 Nc6 13. Rfd1 Bg4 14. Be2 Rfd8 15. h3 Bf5 16. Bc7 Rdc8 17. Bh2 Rd8 18. Rac1 Rxd1+ 19. Rxd1 Rd8 20. g4 1/2-1/2

[Event "Sao Sebastiao op"]
[Site "Sao Sebastiao do Paraiso"]
[Date "2013.10.05"]
[Round "3"]
[White "Calixto, Roberto Carlos"]
[Black "De Godoy, Jurandir Dias"]
[Result "1/2-1/2"]
[WhiteElo "1820"]
[BlackElo "1902"]
[PlyCount "73"]
[EventDate "2013.10.04"]
[EventType "swiss"]
[EventRounds "6"]
[EventCountry "BRA"]
[SourceTitle "EXT 2014"]
[Source "ChessBase"]
[SourceDate "2013.11.20"]
[SourceVersion "1"]
[SourceVersionDate "2013.11.20"]
[SourceQuality "1"]

1. e4 c6 2. d4 d5 3. e5 Bf5 4. g4 Bg6 5. h4 h5 6. Bd3 Bxd3 7. Qxd3 e6 8. g5 Ne7 9. Ne2 g6 10. Ng3 Qc7 11. Bd2 c5 12. c3 Nbc6 13. Na3 a6 14. f4 Qb6 15. Nc2 c4 16. Qf3 Qxb2 17. Qd1 Qb6 18. Rb1 Qc7 19. Rb2 b5 20. Qb1 Qa5 21. Ke2 Nc8 22. a4 bxa4 23. Qa1 Be7 24. Rhb1 0-0 25. Rb7 Ra7 26. R7b2 Rd8 27. Ra2 Nb6 28. Nf1 Rb8 29. Nce3 Rab7 30. Nd1 Nd7 31. Rxb7 Rxb7 32. Rxa4 Qb5 33. Rxa6 Ndb8 34. Ra8 Qb1 35. Qa4 Kg7 36. Qa2 Qxa2 37. Rxa2 1/2-1/2

[Event "Cordeiropolis op 3rd"]
[Site "Cordeiropolis"]
[Date "2013.09.01"]
[Round "5"]
[White "Calixto, Roberto Carlos"]
[Black "Dias, Matheus Nunes"]
[Result "1-0"]
[WhiteElo "1832"]
[BlackElo "1614"]
[PlyCount "124"]
[EventDate "2013.08.30"]
[EventType "swiss"]
[EventRounds "6"]
[EventCountry "BRA"]
[SourceTitle "CBM 156 Extra"]
[Source "ChessBase"]
[SourceDate "2013.10.22"]
[SourceVersion "1"]
[SourceVersionDate "2013.10.22"]
[SourceQuality "1"]

1. e4 c5 2. Nf3 a6 3. d4 cxd4 4. Nxd4 e5 5. Nf3 Nc6 6. Bc4 Be7 7. Qd5 Qa5+ 8. Qxa5 Nxa5 9. Nxe5 Nxc4 10. Nxc4 Bc5 11. Bf4 Nf6 12. Nbd2 0-0 13. Nd6 Nh5 14. Be5 f6 15. Nb3 Bxf2+ 16. Kxf2 fxe5+ 17. Ke3 Rf6 18. Rad1 Kf8 19. Nc5 b6 20. Na4 Nf4 21. Rd2 Nxg2+ 22. Ke2 a5 23. Nxb6 Ba6+ 24. c4 Rd8 25. b3 g6 26. Na4 Ke7 27. Rhd1 Nf4+ 28. Ke3 Ng2+ 29. Rxg2 Rxd6 30. Rxd6 Kxd6 31. Rd2+ Kc6 32. Rd5 d6 33. Rxa5 Bb7 34. Nc3 g5 35. Nd5 Rf8 36. Ne7+ Kb6 37. Rb5+ Ka6 38. Nf5 Bc6 39. Rb4 Ka5 40. a3 g4 41. Kd3 Rf6 42. Ke3 Rf8 43. Kd3 Rf6 44. Rb8 Bd7 45. Ra8+ Kb6 46. a4 Bxf5 47. exf5 Rxf5 48. a5+ Kb7 49. Rd8 Rf3+ 50. Kc2 Rf2+ 51. Kc3 Rxh2 52. Rxd6 g3 53. Kb4 Kc7 54. Rd1 e4 55. c5 Ra2 56. Kb5 g2 57. c6 h5 58. Rd7+ Kc8 59. Rg7 Rb2 60. Kc4 h4 61. a6 h3 62. a7 Ra2 1-0